| Поле | Инд. | ПП | Название | Значение |
|---|---|---|---|---|
| Тип записи | a | |||
| Библиографический уровень | b | |||
| 001 | Контрольный номер | RU/IS/BASE/496507002 | ||
| 005 | Дата корректировки | 20220420085629.0 | ||
| 008 | Кодируемые данные | 20150925 | ||
| 040 | b | Код языка каталог. | rus | |
| e | Правила каталог. | PSBO | ||
| 041 | 0_ | a | Код языка текста | rus |
| 084 | a | Индекс другой классификации/Индекс ББК | 65.41(2Рос) | |
| 100 | 1_ | a | Автор | Островная М. В. |
| q | Полное имя | Островная Мария Валентиновна | ||
| 100 | 1_ | a | Автор | Подколзина Е. А. |
| q | Полное имя | Подколзина Елена Анатольевна | ||
| 245 | 10 | a | Заглавие | Электронные аукционы и фаворитизм в российских государственных закупках |
| 500 | a | Примечание | Приложение | |
| 504 | a | Библиография | Лит. в конце статьи | |
| 520 | 0_ | a | Аннотация | В статье изучается, как коррумпированный посредник государственных закупок в электронных аукционах влияет на возникновение фаворитизма. Для этого построена теоретическая модель, в которой сравниваются аукционы в устной и электронной формах. Показано, что в электронном аукционе с коррумпированным посредником может реже возникнуть фаворитизм, чем в аукционе в устной форме... |
| 650 | a | Основная рубрика | государственные закупки | |
| a | Основная рубрика | экономика | ||
| 653 | 1_ | a | Ключевые слова | аукционные торги |
| a | Ключевые слова | взятка | ||
| a | Ключевые слова | государственные контракты | ||
| a | Ключевые слова | закупочные цены | ||
| a | Ключевые слова | конкурентное поведение | ||
| a | Ключевые слова | конкуренция | ||
| a | Ключевые слова | коррупция | ||
| a | Ключевые слова | модели фаворитизма | ||
| a | Ключевые слова | повторяющиеся контракты | ||
| a | Ключевые слова | регионы России | ||
| a | Ключевые слова | Россия | ||
| a | Ключевые слова | рыночная конъюнктура | ||
| a | Ключевые слова | сроки поставок | ||
| a | Ключевые слова | торговые контракты | ||
| a | Ключевые слова | фаворитизм | ||
| a | Ключевые слова | экономическая теория | ||
| a | Ключевые слова | электронные аукционы | ||
| a | Ключевые слова | эффективность государственных закупок | ||
| 773 | 0_ | t | Заглавие источника | Экономический журнал ВШЭ |
| d | Дата издания источника | 2014 | ||
| g | Прочая информация | Т. 18, № 4. - С. 586 - 619 : табл., расчет. | ||
| w | Контрольный № источника | RU/IS/BASE/475600940 | ||
| 901 | t | Тип документа | b |